| 000 | 00620nam a22002057a 4500 | ||
|---|---|---|---|
| 005 | 20260415113716.0 | ||
| 008 | 260415b |||||||| |||| 00| 0 eng d | ||
| 020 | _a9789354660108 | ||
| 040 | _cAL | ||
| 041 | _aEnglish | ||
| 082 |
_a515.9 _bPUNM |
||
| 100 |
_aSudhir Kumar Pundir _9261617 |
||
| 245 |
_aModern analysis _b: Topology of metric spaces |
||
| 260 |
_aNew Delhi _bCBS publishers and distributors pvt Ltd _c2021 |
||
| 300 |
_a402 p. _bPB _c24x17 cm. |
||
| 365 |
_aVBI-2645 _b₹356.25 _c₹ _d₹475.00 _e25% _f20-02-2026 |
||
| 650 |
_aTopology _9261618 |
||
| 650 |
_ametric spaces _9261619 |
||
| 942 |
_2ddc _cBK |
||
| 999 |
_c241242 _d241242 |
||